书目信息 |
| 题名: |
摩尔多瓦
|
|
| 作者: | 顾志红 编著 | |
| 分册: | ||
| 出版信息: | 北京 社会科学文献出版社 2004 |
|
| 页数: | 280页 | |
| 开本: | 21cm | |
| 丛书名: | 列国志 | |
| 单 册: | ||
| 中图分类: | K511.5 | |
| 科图分类: | ||
| 主题词: | 摩尔多瓦--概况 , 东欧--历史 , 中欧--历史 | |
| 电子资源: | ||
| ISBN: | 7-80149-931-X | |
| 000 | 01296nam0 2200385 450 | |
| 000 | 01259nam0 2200373 450 | |
| 000 | 01189nam0 2200349 450 | |
| 000 | 01152nam0 2200337 450 | |
| 000 | 01170nam0 2200325 450 | |
| 000 | 01133nam0 2200313 45 | |
| 001 | TS2006016829 | |
| 005 | 20070113082103.34 | |
| 010 | @a7-80149-931-X@dCNY22.00 | |
| 092 | @aCN@bTS01-018244 | |
| 100 | @a20060829d2004 em y0chiy0110 ea | |
| 101 | 0 | @achi |
| 102 | @aCN@b110000 | |
| 105 | @aa g 000yy | |
| 200 | 1 | @a摩尔多瓦@AMo Er Duo Wa@f顾志红编著@FGu Zhi Hong Bian Zhu |
| 210 | @a北京@c社会科学文献出版社@d2004 | |
| 215 | @a280页@c照片@d21cm | |
| 225 | 2 | @a列国志 |
| 300 | @a中国社会科学院重大课题国家“十五”重点出版项目 | |
| 330 | @a本书介绍了摩尔多瓦共和国的历史变迁、自然地理、民族文化、政治制度、经济状况、军事实力、外交政策,对摩尔多瓦的特长、民俗和文化遗产也有描述。 | |
| 410 | 0 | @1001002439188@12001 @a列国志 |
| 510 | 1 | @aMoldova@zeng |
| 606 | @a摩尔多瓦@x概况 | |
| 606 | 0 | @a东欧@x历史 |
| 606 | 0 | @a中欧@x历史 |
| 690 | @aK511.5@v4 | |
| 701 | 0 | @a顾志红@AGu Zhi Hong@c(女)@4编著 |
| 801 | 0 | @aCN@b中图数据@c20070113 |
| 905 | @a10447@dK511.5@e22 | |
| 摩尔多瓦/顾志红编著.-北京:社会科学文献出版社,2004 |
| 280页:照片;21cm.-(列国志) |
| 中国社会科学院重大课题国家“十五”重点出版项目 |
| ISBN 7-80149-931-X:CNY22.00 |
| 本书介绍了摩尔多瓦共和国的历史变迁、自然地理、民族文化、政治制度、经济状况、军事实力、外交政策,对摩尔多瓦的特长、民俗和文化遗产也有描述。 |
| ● |
| 相关链接 |
|
|
|
|
正题名:摩尔多瓦
索取号:K511.5/22
 
预约/预借
| 序号 | 登录号 | 条形码 | 馆藏地/架位号 | 状态 | 备注 |
| 1 | 0616687 | 206166879 | 第二样本阅览室/ [索取号:K511.5/22] | 在馆 | |
| 2 | 0616688 | 206166888 | 第二借阅区/ [索取号:K511.5/22] | 在馆 | |
| 3 | 0616689 | 206166897 | 第二借阅区/ [索取号:K511.5/22] | 在馆 | |
| 4 | 0616690 | 206166904 | 第二借阅区/ [索取号:K511.5/22] | 在馆 | |
| 5 | 0616691 | 206166913 | 第二借阅区/ [索取号:K511.5/22] | 在馆 |